[Event "Linares-03"]
[Site "Linares"]
[Date "1981.01.17"]
[Round "1"]
[White "Karpov, Anatoly"]
[Black "Quinteros, Miguel Angel"]
[Result "1-0"]
[WhiteElo "2690"]
[BlackElo "2505"]
[Annotator "Kharitonov,A"]
[PlyCount "93"]
[EventDate "1981.01.17"]
[EventType "tourn"]
[EventRounds "11"]
[EventCountry "ESP"]
[EventCategory "13"]
[SourceTitle "MCL"]
[Source "ChessBase"]
[SourceDate "1999.07.01"]
[SourceVersion "1"]
[SourceVersionDate "1999.07.01"]
[SourceQuality "1"]

1. d4 Nf6 2. c4 c5 3. Nf3 cxd4 4. Nxd4 e6 5. g3 d5 6. Bg2 e5 7. Nf3 d4 8. O-O
Nc6 9. e3 Bg4 (9... Be7 10. exd4 exd4 11. Bf4 O-O 12. Ne5 Nxe5 13. Bxe5 Bc5 14.
Nd2 Ng4 $5 15. Nb3 Nxe5 16. Nxc5 Bg4 $13 {Zaichik,G-Kharitonov,A/Riga/1980/0,5
(37)/}) (9... Bc5 10. exd4 exd4 11. Re1+ Be6 12. Ng5 O-O 13. Nxe6 fxe6 $13) 10.
h3 Bxf3 11. Bxf3 (11. Qxf3 Bc5 12. exd4 Nxd4 $5 13. Qd1 (13. Qxb7 Rb8 14. Qa6
Ne2+ 15. Kh2 Nxc1 $13) 13... O-O 14. Nc3 (14. Bxb7 Rb8 15. Bg2 Qc8 16. Nc3 Rd8
17. Nd5 Nxd5 18. cxd5 Qf5 $44) 14... Rb8 15. Rb1 a5 16. a3 b6 17. Re1 $13 {
Tal,M-Gligoric,S/Bugoino/1980/0,5 (17)/}) 11... Be7 (11... Bc5 $5 12. exd4 Bxd4
$13) 12. exd4 exd4 13. Bf4 (13. Nd2 $5 O-O 14. Nb3 d3 15. Bf4 $13) 13... O-O
14. Nd2 h6 15. Re1 (15. Nb3 d3 16. Re1 Qd7 17. Kg2 Rad8 $13) 15... Bd6 (15...
Qd7 16. Ne4 $5 Nxe4 (16... Qxh3 $2 17. Nxf6+ Bxf6 18. Bg4 $18) 17. Bxe4 $14)
16. Bxd6 Qxd6 17. Nb3 Rad8 18. c5 Qc7 19. Rc1 Rd7 (19... d3 $6 20. Re3 Ne5 21.
Bg2 $14) (19... a5 $5 20. Bxc6 (20. Rc4 $2 Ne5 21. Rxd4 a4 $1 $19) 20... bxc6
21. Qd3 Rd5 22. Rc4 $14) 20. Bg2 Rfd8 (20... d3 21. Qd2 Rfd8 22. Re3 $14) 21.
Qd3 $5 Re7 (21... Nb4 $2 22. Qd2 Nxa2 23. Ra1 $18) (21... Ne5 22. Qf5 Nc6 23.
Bxc6 (23. a3 d3 $13) 23... Qxc6 24. Qd3 $14) (21... g6 22. Bxc6 Qxc6 23. Rc4
$14) 22. Rxe7 Qxe7 23. Rd1 (23. Bxc6 $6 bxc6 24. Nxd4 Qd7 25. Rd1 Qxh3) 23...
Qe6 24. Kf1 Rd7 $5 25. Qe2 (25. Re1 Ne5 26. Qe2 Qc4 $13) 25... Qf5 $1 26. Kg1
Re7 $6 (26... d3 $6 27. Qe3 $16) (26... h5 $5 27. Bxc6 bxc6 28. Nxd4 Qxc5 $10)
27. Qf1 $1 Ne4 $6 (27... Rd7 $142 $14) 28. Nxd4 Nxd4 29. Rxd4 Nxc5 30. Rd8+ Kh7
31. Qd1 (31. Rd5 Re5 32. Rxe5 Qxe5 33. Qb1+ f5 34. b4 (34. g4 g6 35. gxf5 gxf5
36. b4 Ne4 $10)) 31... b6 32. Rd4 Rd7 $2 (32... a5 $5) (32... g6 $5) 33. b4 $1
Rxd4 34. Qxd4 Ne6 35. Qd7 $16 a5 (35... Qb1+ 36. Kh2 Qxb4 (36... Qxa2 37. Qxf7
Qc4 38. Qf5+ g6 39. Qf7+ $18)) 36. a3 axb4 37. axb4 Kg6 $6 (37... Qb1+ 38. Kh2
Qxb4 39. Qxf7 $16) (37... g6 $5) 38. Qd6 Qb1+ (38... b5 39. Bf1 Kf6 40. Qb6 $18
) 39. Kh2 Qf5 (39... b5 40. Qe5 $1 Qxb4 41. Be4+ $18) 40. Qxb6 $18 h5 41. h4
Kf6 42. Bh3 Qe4 43. Bxe6 fxe6 44. Qc5 e5 45. b5 Qb7 46. Qd6+ $1 (46. Qc6+ $2
Qxc6 47. bxc6 Ke6 48. Kg2 (48. g4 Kd6 49. gxh5 Kxc6 50. Kg3 Kd5 51. Kg4 Ke4 52.
Kg5 Kf3 53. Kg6 (53. Kf5 Kxf2 54. Kxe5 Kg3 $10) 53... Kxf2 54. Kxg7 e4 55. h6
e3 56. h7 e2 57. h8=Q e1=Q $14) 48... Kd6 49. Kf3 Kxc6 50. Ke4 Kd6 51. Kf5 (51.
f4 $5 exf4 52. Kxf4 Ke7 53. Kg5 Kf7 54. Kxh5 Kf6 $1 55. g4 Kf7 56. Kg5 Kf8 $1
57. Kg6 Kg8 58. h5 Kh8 59. h6 Kg8 60. g5 Kh8 61. hxg7+ Kg8 62. Kh6 $18) 51...
Kd5 52. Kg6 Ke4 $10) 46... Kf5 47. b6 1-0

[Event "FIDE-Wch k.o."]
[Site "Groningen"]
[Date "1997.12.16"]
[Round "3.4"]
[White "Gelfand, Boris"]
[Black "Lautier, Joel"]
[Result "0-1"]
[WhiteElo "2695"]
[BlackElo "2660"]
[Annotator "Kortschnoj,V"]
[PlyCount "58"]
[EventDate "1997.12.09"]
[EventType "k.o."]
[EventRounds "7"]
[EventCountry "NED"]
[SourceTitle "CBM 063"]
[Source "ChessBase"]
[SourceDate "1998.03.26"]
[SourceVersion "1"]
[SourceVersionDate "1998.03.26"]
[SourceQuality "1"]

1. d4 d5 2. Nf3 e6 3. g3 c5 4. Bg2 Nf6 5. O-O cxd4 6. Nxd4 e5 7. Nf3 Nc6 8. c4
d4 9. e3 d3 10. Nc3 Bb4 11. Bd2 (11. Nxe5 $13) 11... Be6 $5 (11... O-O) 12.
Nxe5 (12. a3 $6 Be7 13. b4 $13) (12. Qa4 Qa5 $11) 12... Nxe5 13. Qa4+ Nc6 14.
Bxc6+ bxc6 15. Qxb4 Rb8 $14 16. Qa3 h5 (16... Bxc4 17. b3 Be6 18. e4 $14) 17.
e4 $1 (17. f3 h4 18. g4 Bxc4 19. Rac1 $13) 17... Ng4 $6 (17... h4) 18. Bf4 Rc8
19. Qc5 (19. f3 Qd4+ 20. Kg2 Ne5 21. Bxe5 Qxe5 $44) 19... h4 20. Bg5 $2 (20. f3
$142 $1 Nf6 (20... Nxh2 21. Rf2 $1 $16) 21. g4 $16) 20... f6 21. Bxh4 Qc7 22.
f4 $2 (22. f3 $142 $1 Nxh2 23. Kxh2 Rxh4+ 24. Kg2 Bh3+ 25. Kf2 Bxf1 26. gxh4
Qh2+ 27. Kxf1 Qh3+ 28. Kf2 Qh2+ 29. Ke3 Qxb2 30. Qh5+ Ke7 $8 31. Rg1 Qxc3 32.
Rxg7+ Kd6 33. c5+ Qxc5+ 34. Qxc5+ Kxc5 35. Kxd3 $16) 22... g5 $1 $17 23. h3
gxh4 24. hxg4 hxg3 $19 25. Kg2 (25. Rf3 Rh3 26. Z0 Qh7 $19) 25... Rh2+ 26. Kxg3
(26. Kf3 Bxg4+ 27. Kxg4 Qg7+ 28. Kf3 g2 $19) 26... Qh7 27. f5 Qh3+ 28. Kf4 Rg2
29. Rf3 Qh6+ 0-1

[Event "WchT 9th"]
[Site "Antalya"]
[Date "2013.11.29"]
[Round "4.1"]
[White "Li, Chao B"]
[Black "Aronian, Levon"]
[Result "0-1"]
[WhiteElo "2679"]
[BlackElo "2801"]
[Annotator "Krasenkow,M"]
[PlyCount "70"]
[EventDate "2013.11.26"]
[EventType "team-tourn"]
[EventRounds "9"]
[EventCountry "TUR"]
[SourceTitle "CBM 158"]
[Source "ChessBase"]
[SourceDate "2014.01.16"]
[SourceVersion "1"]
[SourceVersionDate "2014.01.16"]
[SourceQuality "1"]
[WhiteTeam "China"]
[BlackTeam "Armenia"]
[WhiteTeamCountry "CHN"]
[BlackTeamCountry "ARM"]

1. d4 d5 2. c4 e6 3. Nf3 Nf6 4. g3 c5 {A rarely played move.} 5. Bg2 ({To meet
} 5. cxd5 {Black has an interesting continuation} cxd4 $5 6. dxe6 (6. Bg2 Qxd5
7. Qxd4 Nc6 8. Qxd5 Nxd5 9. O-O b6 10. Bd2 Ba6 11. Rc1 Rc8 12. a3 Be7 13. Nc3 {
1-0 (56) Leiva Rodriguez,J (2388)-Mekhitarian,K (2551) Cochabamba 2013} Nxc3
14. Rxc3 Bf6 $11) 6... Bxe6 7. Nxd4 (7. Bg2 Nc6 8. O-O Bc5 $11) 7... Bc5 {
; however, in the following game White successfully parried Black's activity:}
8. e3 Bxd4 9. Bb5+ Nc6 10. Qxd4 Qe7 11. Bxc6+ bxc6 12. b3 c5 13. Qh4 Bd5 14.
O-O Qe5 15. Qa4+ Kf8 16. Ba3 Ne4 17. Qd4 $1 Qxd4 18. exd4 Ng5 19. Rc1 Nf3+ 20.
Kg2 Nxd4+ 21. Kf1 $16 {1-0 (51) Flores Rios,M (2492)-Grigoryan,K (2550)
Barbera del Valles 2013}) 5... cxd4 6. O-O (6. Nxd4 e5 {[%cal Yd5d4] leads to
a well-known variation arising from various move orders, generally comfortable
for Black. The text move is an attempt to avoid it.}) 6... Bc5 (6... Nc6 $143
7. cxd5 ({or} 7. Nxd4)) 7. Nxd4 dxc4 (7... O-O 8. Nb3 Bb6 9. Nc3 {doesn't
promise Black equality. Here is a recent example:} Nc6 10. cxd5 Nxd5 11. Nxd5
exd5 12. Qxd5 Bg4 13. Qxd8 Raxd8 14. e3 Be2 15. Re1 Bc4 16. Nd2 Ba5 17. Bxc6
bxc6 18. b4 $1 Bxb4 19. Nxc4 Bxe1 20. Ba3 Bc3 21. Rc1 Rd3 22. Bxf8 Kxf8 23. Kf1
Bf6 24. Ke2 Rd5 25. a4 $16 {1-0 (49) Postny,E (2637)-Sebenik,M (2527) Legnica
2013}) 8. Nc2 {GM Li Chao was probably unaware of the theory of this position,
which, too, can arise in several lines.} (8. Qa4+ $1 {is the most accurate
continuation:} Qd7 (8... Nbd7 9. Qxc4 O-O 10. Nc3 Bb6 (10... a6 11. Nb3 Ba7 12.
Qh4 h6 13. g4 Rb8 14. Qg3 e5 15. g5 $40 {1-0 (32) Inkiov,V (2505)-Drenchev,P 
(2310) Sofia 1996}) 11. Nf3 Qc7 12. Qh4 Re8 13. Bd2 Nf8 14. Rac1 Qb8 15. Qb4
Bd7 16. Bf4 e5 17. Bg5 $16 {0-1 (144) Schmidt,R (2387)-Szabo,G (2525)
Bucharest 2010}) 9. Nb5 $1 O-O 10. Qxc4 Qe7 11. b4 (11. N5c3 a6 (11... Nbd7 $5)
12. Bg5 Nbd7 13. Ne4 Ba7 14. Nbc3 h6 {1/2 (22) Polugaevsky,L (2620)-Ljubojevic,
L (2605) Amsterdam 1981} 15. Bf4 $1 e5 16. Bd2 $16 {L.Polugaevsky}) 11... Bb6
12. a4 Bd7 (12... a6 13. N5c3 $14 {[%cal Yc1a3]}) 13. a5 a6 14. N5c3 Ba7 15.
Bxb7 Bb5 16. Nxb5 Qxb7 17. Nxa7 Rxa7 18. Be3 $16 {0-1 (36) Postny,E (2637)
-Sokolov,I (2699) Sibenik 2012}) 8... O-O 9. Be3 Qe7 10. Bxc5 Qxc5 11. Qd4 Qxd4
12. Nxd4 Nc6 {To release the pressure from White's g2 bishop, Black must make
use of his development advantage.} (12... e5 13. Nb5 Nc6 {[%cal Yc8g4]} 14.
N1c3 Rb8 {was possible, too}) 13. Rd1 (13. Nxc6 bxc6 14. Bxc6 Rb8 15. b3 $11) (
13. Bxc6 e5 $5 ({or simply} 13... bxc6 14. Nxc6 Bb7) 14. Bxb7 Bxb7 $13) 13...
Rb8 (13... Rd8 $5) 14. Nxc6 bxc6 15. Rd2 {Black's pawn structure is damaged
but he is still a pawn up, therefore his position is not worse.} Ba6 (15... Nd5
$5) 16. Nc3 Rfc8 (16... Nd5 {was possible here, too} 17. Rc1 $140 Nxc3 18. Rxc3
Bb5) 17. Rc1 Kf8 18. Na4 (18. f4 $5 {, restricting Black's kingside activity,
was a good idea.}) 18... c5 19. e4 Rb4 20. Nc3 Rcb8 21. Nd1 $6 (21. Rcc2 Ng4 $1
) (21. Rb1 $5 {[%cal Yf2f3,Yg1f2,Yg2f1]} Ng4 22. f4) 21... g5 (21... c3 $1 22.
bxc3 Rb1 $17) 22. e5 $2 {This move further weakens White's position.} (22. Rc3
$15 {[%cal Yc3a3] was a logical continuation. If} Ra4 {then} 23. a3 {[%csl Ra4]
}) 22... Ng4 23. f4 gxf4 24. gxf4 c3 $1 25. Rxc3 Rxf4 26. Rxc5 Rf5 27. Rc7 (27.
Rd7 Be2 $1) 27... Rxe5 $17 {Black has won the pawn once again, and he has
connected e- and f- passed pawns.} 28. Bf3 Rg5 29. Kh1 Rb4 {Black is ready to
give up his material advantage for an attack on White's king.} 30. Rg2 (30.
Rxa7 Bf1 {[%cal Yb4f4]}) 30... h5 31. Rxa7 Bf1 $1 32. Rg3 ({Or} 32. Rd2 Ne5 {
, and White will not survive long. The text move, however, leads to a nice
finale.}) 32... Nxh2 $3 {[%mdl 64]} 33. Rxg5 (33. Kxh2 Rh4+ 34. Kg1 Rxg3+ 35.
Kf2 Rgh3 $19) 33... Nxf3 {[%cal Rb4h4]} 34. Ra8+ Ke7 35. Ra7+ Kd6 (35... Kf6
$19) (35... Kd6 36. Rxh5 Rg4 $19) 0-1

[Event "Enghien les Bains 4th"]
[Site "Enghien les Bains"]
[Date "2001.04.13"]
[Round "3"]
[White "Lautier, Joel"]
[Black "Bologan, Viktor"]
[Result "1-0"]
[WhiteElo "2658"]
[BlackElo "2676"]
[Annotator "Lautier,J"]
[PlyCount "77"]
[EventDate "2001.04.11"]
[EventType "tourn"]
[EventRounds "9"]
[EventCountry "FRA"]
[EventCategory "17"]
[SourceTitle "CBM 083"]
[Source "ChessBase"]
[SourceDate "2001.07.05"]
[SourceVersion "1"]
[SourceVersionDate "2001.07.05"]
[SourceQuality "1"]

1. d4 Nf6 2. c4 e6 3. Nf3 d5 4. g3 c6 5. Bg2 Nbd7 6. O-O Bd6 7. Nc3 O-O 8. Nd2
$1 Bb4 9. Qb3 $5 (9. a3 Bxc3 10. bxc3 e5 (10... b6 11. e4 dxc4 12. Nxc4 Ba6 13.
Qa4 Bb5 14. Qb3 $14) 11. e4 dxe4 12. Nxe4 Nxe4 13. Bxe4 Nf6 14. Bg2 (14. Bg5 h6
15. Bxf6 Qxf6 $11) 14... Qa5 15. Qb3 $14) (9. e4 e5 10. dxe5 (10. a3 Ba5) 10...
Nxe5 11. cxd5 Bxc3 12. bxc3 cxd5 13. exd5 Nxd5 14. Nb3 (14. c4 Nc3 15. Qc2 Qd3
16. Qxd3 Nxd3 17. Ba3 Re8 $11) (14. Qb3 Be6 (14... Nb6 $13) 15. Qxb7 (15. c4
Nb6) 15... Qa5 16. Nb3 Qxc3 $132) 14... Nb6 (14... Nxc3 $4 15. Qe1 Qc7 16. Bb2
$18) (14... Be6 15. Nc5 (15. Re1 $5) 15... Nxc3 $2 16. Qe1 Qd4 17. Nxe6 fxe6
18. Bb2 Rac8 19. Rc1 Rf3 20. Kh1 Rd3 21. f4 $18) 15. Nd4 $14) 9... a5 (9... Qe7
10. e4 $14) (9... c5 10. dxc5 (10. cxd5 Bxc3 11. dxe6 (11. bxc3 exd5 12. Ba3
Re8 13. e3 Qa5 $132) (11. Qxc3 Nxd5 12. Bxd5 cxd4 13. Qxd4 Nf6 14. e4 exd5 15.
e5 Ne4 16. Nxe4 dxe4 17. Qxe4 Bh3 18. Re1 Qb6 $44) 11... Bxd4 12. exd7 Nxd7 13.
e3 Bf6 14. Ne4 Be7 15. Rd1 Qc7 $13) 10... Qa5 11. cxd5 Nxc5 12. Qc2 Bxc3 13.
Qxc3 Qxc3 14. bxc3 exd5 (14... Nxd5 $2 15. Ba3 b6 16. c4 $18) 15. Ba3 b6 16. c4
$14) (9... Qa5 10. e4 e5 11. a3 (11. dxe5 Nxe4 12. Ndxe4 dxe4 13. Nxe4 Nxe5 14.
a3 Be7 15. Bd2 Qa6 16. c5 Be6 17. Qc3 f6 $11) 11... Bxc3 12. bxc3 dxe4 13. Nxe4
Nxe4 14. Bxe4 Nf6 15. Bg2 $14) 10. Rd1 (10. e4 dxc4 11. Nxc4 b5 12. Ne3 Ba6 (
12... e5 13. a3 exd4 14. axb4 dxc3 15. Rd1 $14) 13. Rd1 Be7 14. Qc2 $14) 10...
b5 $5 (10... Re8 11. e4 $14) 11. cxd5 (11. cxb5 $142 cxb5 (11... c5 12. a3 (12.
dxc5 $5 Nxc5 13. Qc2) 12... Bxc3 13. bxc3 a4 14. Qc2 (14. Qb1 Rb8) 14... Qb6
15. Rb1 cxd4 16. cxd4 Qxd4 17. Ne4 Qb6 18. Be3 $36) 12. e4 (12. Nxb5 Ba6 13. a4
Qb6 $11) 12... Ba6 (12... Bxc3 13. bxc3 Rb8 14. e5 Ne8 15. Ba3 b4 16. cxb4 Nc7
17. Rdc1 $16) (12... dxe4 13. Ndxe4 Nxe4 14. Bxe4 (14. Nxe4 Bb7 15. a3 Bd5 16.
Qd3 Be7 17. Qxb5 Rb8 18. Qe2 $14) 14... Rb8 15. Bf4 Rb6 16. d5 (16. a3 Be7 17.
Nxb5 Nf6 18. Bd3 Bb7 $132) 16... Nc5 17. Qc2 Nxe4 18. Nxe4 e5 (18... exd5 19.
Bc7 $16) 19. Bxe5 Bf5 20. Bc7 Qc8 21. Rac1 Rh6 22. f3 $16) 13. exd5 (13. e5 Ne8
14. a3 Be7 15. Nxb5 Rb8 16. a4 Qb6 $132) 13... Bxc3 14. bxc3 Nxd5 $14 (14... a4
15. Qc2 Nxd5 16. Ba3 Re8 17. Ne4 $14)) 11... exd5 $1 (11... cxd5 {->> 11.cb5
cb5}) 12. e4 Nb6 (12... Qb6 $6 13. exd5 Bxc3 14. bxc3 cxd5 (14... a4 15. Qc2
Nxd5 16. c4 bxc4 17. Nxc4 $36) 15. Ba3 Re8 16. Bxd5 Nxd5 17. Qxd5 Rb8 18. Re1
$16) 13. e5 Ne8 {/\ Bf5} 14. Qc2 g6 $2 (14... Bg4 $1 15. Re1 (15. f3 Bh5 16.
Ne2 Nc4 17. Nxc4 Bg6 18. Qb3 dxc4 19. Qe3 Bc2 20. Rf1 Nc7 $36) (15. Nf3 f6 $1
$36 (15... Qd7 16. Bf4 Nc7 $11)) 15... Qd7 16. Nf1 (16. Nf3 Nc7 $132 17. Nh4
Be7) 16... Nc7 17. Ne3 Bh3 $11) 15. Nf3 $14 Bf5 16. Qe2 Be7 (16... Ng7 17. Bg5
Qd7 18. Rac1 $14) (16... Qd7 $142 {>< h3} 17. Bh6 Ng7 18. Rac1 $14) 17. Bh6 Ng7
18. h3 $1 Re8 19. Rac1 Rc8 20. g4 Be6 21. b3 $1 {>< c4} (21. Qd3 {/\ Ne2-f4}
Nc4 22. Rc2 f5 $1 $132 23. exf6 Bxf6 $11 {/\ Nd6}) 21... b4 (21... f5 22. exf6
Bxf6 23. Qd2 $14) 22. Nb1 Nd7 23. Nbd2 Qb6 24. Nf1 c5 25. dxc5 Nxc5 (25... Bxc5
26. Ne3 $36 d4 $140 $6 27. Nc4 Bxc4 28. Rxc4 f6 29. Qc2 fxe5 30. Ng5 Nf6 31.
Rc1 d3 32. Qxd3 Bxf2+ 33. Kh1 Rcd8 34. Qf1 $1 $18) 26. Ng3 (26. Nd4 Nd7 27.
Rxc8 Rxc8 28. Ne3 Bc5 $132) (26. Ne3 Ne4 27. Rxc8 Rxc8 28. Nxd5 Bxd5 29. Rxd5
Nc3 30. Qc2 Qa6 (30... Ne6 31. Rd3 $14 (31. Rd7 Qb5 $132)) 31. Qd3 Qxd3 32.
Rxd3 Nxa2 33. Nd4 (33. Rd7 Bf8 34. Bf1 (34. Nd4 Ne6) (34. Ng5 Ne6 35. Nxf7 Rc7
36. Rxc7 Nxc7 37. Bxf8 Kxf8 38. Ng5 Nc1 $132) 34... Ne6 35. Bxf8 Kxf8 36. Bc4
Rxc4 37. bxc4 b3 38. Ra7 Nc3 39. Rxa5 b2 40. Nd2 b1=Q+ 41. Nxb1 Nxb1 42. c5 $14
) 33... Rc3 34. Rd1 $14 {/\ Nc6}) 26... a4 $6 (26... Nd7 $142 27. Be3 (27. Rxc8
Rxc8 28. Nd4 Bc5 $132) (27. Nd4 Rxc1 28. Bxc1 Bh4 $14) 27... Qb8 $14) 27. Nd4 (
27. Qe3 axb3 28. axb3 Nd7) 27... Bh4 28. Qe3 axb3 29. axb3 Nd7 (29... Bxg3 30.
Qxg3 Ne4 31. Qe3 Rc3 32. Rxc3 Nxc3 (32... bxc3 $2 33. Bxg7 $18) 33. Rd2 $36)
30. Nge2 $16 Be7 31. f4 Bc5 32. Kh1 (32. Bxg7 $6 Kxg7 33. f5 $6 Bxf5 34. Rxc5 (
34. gxf5 Rxe5 35. Qf2 Rxe2 36. Qxe2 Bxd4+ 37. Kh1 Rxc1 38. Rxc1 Be3 (38... Nf6
39. Qe7 $36) 39. Rc8 d4 $13) 34... Rxc5 35. gxf5 Rxe5 36. Qf2 Nf6 $13) 32... f6
33. f5 $1 (33. Bxg7 Kxg7 34. f5 (34. exf6+ $2 Nxf6 $132) 34... Bxf5 35. gxf5
fxe5 36. Rxc5 Qxc5 37. Ne6+ Rxe6 38. Qxc5 Nxc5 39. fxe6 d4 40. Bd5 Re8 $14)
33... fxe5 (33... Bxf5 34. gxf5 Rxe5 35. Qd2 $18) (33... gxf5 34. Bxg7 Kxg7 35.
gxf5 Bg8 36. e6 $18) 34. fxe6 Nxe6 $2 $138 (34... exd4 35. Nxd4 Nf6 (35... Bxd4
$2 36. exd7 Bxe3 37. Rxc8 $18) 36. Qf4 (36. Qe5 $2 Bxd4 37. Qxd4 Qxd4 38. Rxd4
Rxc1+ 39. Bxc1 Rxe6 $11) 36... Nxe6 37. Qxf6 Bxd4 38. Rxc8 Bxf6 (38... Rxc8 $2
39. Rxd4 $18) 39. Rxe8+ Kf7 40. Rc8 $16) 35. Bxd5 $18 exd4 36. Nxd4 Ndf8 (36...
Bxd4 37. Bxe6+ $18 (37. Rxc8 $18)) 37. Rf1 $5 (37. Bxf8 Bxd4 38. Rxc8 Bxe3 39.
Rxe8 $18) 37... Qd6 (37... Bxd4 38. Rxf8+ Rxf8 39. Rxc8 $18) 38. Rxf8+ Rxf8 39.
Qxe6+ 1-0

[Event "Tata Steel-B 74th"]
[Site "Wijk aan Zee"]
[Date "2012.01.25"]
[Round "10"]
[White "Harikrishna, Pentala"]
[Black "Vocaturo, Daniele"]
[Result "1-0"]
[WhiteElo "2665"]
[BlackElo "2545"]
[Annotator "Let's Check Training"]
[PlyCount "53"]
[EventDate "2012.01.14"]
[EventType "tourn"]
[EventRounds "13"]
[EventCountry "NED"]
[EventCategory "15"]
[SourceTitle "CBM 147"]
[Source "ChessBase"]
[SourceDate "2012.03.16"]
[SourceVersion "1"]
[SourceVersionDate "2012.03.16"]
[SourceQuality "1"]

1. Nf3 Nf6 2. c4 e6 3. g3 d5 4. Bg2 Be7 5. d4 c6 6. O-O Nbd7 7. Qc2 b6 8. Rd1
Ba6 9. b3 Rc8 10. Nbd2 c5 11. e4 cxd4 12. exd5 exd5 13. Nxd4 O-O 14. Nf1 b5 15.
Ne3 bxc4 16. Nxd5 Nxd5 17. Bxd5 cxb3 18. Qxb3 Nc5 19. Qf3 Bf6 20. Rb1 Bd3 21.
Nc6 Qd7 22. Rxd3 Nxd3 23. Ba3 Rfe8 24. Qxd3 Rxc6 25. Qb5 Rec8 $2 (25... Rc7 26.
Qxd7 Rxd7 $11) 26. Bxc6 $18 Rxc6 {[%tqu "En","","","","b5c6","",10]} 27. Qxc6
$1 1-0